الخطاب المسرحي : دراسات عن المسرح و الجمهور و الضحك / (رقم التسجيلة. 91410)

تفاصيل مارك
000 -LEADER
fixed length control field 00638nam a22001937a 4500
005 - DATE AND TIME OF LATEST TRANSACTION
control field 20251108172913.0
008 - FIXED-LENGTH DATA ELEMENTS--GENERAL INFORMATION
fixed length control field 250721s2004 xx 000 0 ara d
020 ## - INTERNATIONAL STANDARD BOOK NUMBER
International Standard Book Number 9948042905
082 14 - DEWEY DECIMAL CLASSIFICATION NUMBER
Classification number 792.015/ كرو
100 1# - MAIN ENTRY--PERSONAL NAME
Personal name كرومي، عوني
Relator term مؤلف
245 10 - TITLE STATEMENT
Title الخطاب المسرحي : دراسات عن المسرح و الجمهور و الضحك /
264 1# - PRODUCTION, PUBLICATION, DISTRIBUTION, MANUFACTURE, AND COPYRIGHT NOTICE
Place of production, publication, distribution, manufacture الشارقة :
Name of producer, publisher, distributor, manufacturer دائرة الثقافة و الإعلام،
Date of production, publication, distribution, manufacture, or copyright notice 2004.
300 ## - PHYSICAL DESCRIPTION
Extent 210ص.
490 0# - SERIES STATEMENT
Series statement المسرحية ( الدراسات )
650 17 - SUBJECT ADDED ENTRY--TOPICAL TERM
Topical term or geographic name as entry element المسرح
650 17 - SUBJECT ADDED ENTRY--TOPICAL TERM
Topical term or geographic name as entry element النقد المسرحي
942 ## - ADDED ENTRY ELEMENTS (KOHA)
Source of classification or shelving scheme Dewey Decimal Classification
Koha item type كتب
المقتنيات
حالة السحب حالة الفقدان مصدر التصنيف حالة التلف غير قابل للإعارة المكتبة الرئيسية المكتبة الحالية موقع الرف تاريخ التزويد الرقم المتسلسل Total Checkouts رقم الإستدعاء الباركود تاريخ آخر ظهور تاريخ الفاتورة نوع المادة (كوها)
    Dewey Decimal Classification     المكتبة المركزية المكتبة المركزية الإعارة 28/07/2025 810177   792.015/ كرو 810177 28/07/2025 28/07/2025 كتب
    Dewey Decimal Classification     المكتبة المركزية المكتبة المركزية الإعارة 28/07/2025 810178   792.015/ كرو 810178 28/07/2025 28/07/2025 كتب
    Dewey Decimal Classification     المكتبة المركزية المكتبة المركزية مقتنيات قسم التزويد 28/07/2025 810179   792.015/ كرو 810179 28/07/2025 28/07/2025 كتب
    Dewey Decimal Classification     المكتبة المركزية المكتبة المركزية الإعارة 28/07/2025 810180   792.015/ كرو 810180 28/07/2025 28/07/2025 كتب
Implemented & Customized by: BBB with SCIT (Smart Chains for Information Technology)

Powered by Koha